000 00719nam a2200253Ia 4500
003 OSt
005 20220926023414.0
006 a|||||r|||| 00| 0
007 ta
008 220923b |||||||| |||| 00| 0 eng d
037 _cGeneral Book
040 _aRTL
_cRTL
_beng
041 _2eng
_aeng
082 _aU7.1-1.N7, L2
100 _aBaker Alan R H Ed.
_993558
245 0 _aProgress in historical geography
260 _aNewton-Abbot
_bDavid and Charles
_c1972
300 _a311p.
_ccm.
490 _aStudies In Historical Geography
500 _aBib p. 207-302
650 _aHistorical Geography
942 _hU7.1-1.N7, L2
_cGB
_2CC
999 _c641551
_d641551